Quizmakers with the most suscribers - Statistics

General Stats
  • This quiz has been taken 8 times
  • The average score is 4 of 10
Answer Stats
Number of suscribers Answer % Correct
1973 Quizmaster
100%
221 Scambigol
71%
166 Jerry928
43%
159 Kalbahamut
29%
164 KoljiVriVoda
29%
299 Relessness
29%
222 Stewart
29%
106 Kiwirage
14%
214 Quizzer6794
14%
135 Jonnyaitch
0%
No matching quizzes found
Score Distribution
Percent of People with Each Score
Percentile by Number Answered
Your Score History
You have not taken this quiz